ARRUPE JESUIT UNIVERSITY

CORONAVIRUS -STOP THE SPREAD - CLEAN,DISINFECT,COVER

An introduction to the foundations and fundamental concepts of mathematics (Record no. 48946)

MARC details
000 -LEADER
fixed length control field 00490nam a2200193Ia 4500
003 - CONTROL NUMBER IDENTIFIER
control field 0100
008 - FIXED-LENGTH DATA ELEMENTS--GENERAL INFORMATION
fixed length control field 130303s9999 xx 000 0 und d
040 ## - CATALOGING SOURCE
Transcribing agency ARRUPELIB
050 ## - LIBRARY OF CONGRESS CALL NUMBER
Classification number QA9.E9
100 ## - MAIN ENTRY--PERSONAL NAME
Personal name Eves, Howard
245 #3 - TITLE STATEMENT
Title An introduction to the foundations and fundamental concepts of mathematics
260 ## - PUBLICATION, DISTRIBUTION, ETC. (IMPRINT)
Place of publication, distribution, etc NY
260 ## - PUBLICATION, DISTRIBUTION, ETC. (IMPRINT)
Name of publisher, distributor, etc Rinehart
260 ## - PUBLICATION, DISTRIBUTION, ETC. (IMPRINT)
-- 1958
300 ## - PHYSICAL DESCRIPTION
Extent 363p
650 ## - SUBJECT ADDED ENTRY--TOPICAL TERM
Topical term following geographic name as entry element Ignatius of Loyola, st
700 ## - ADDED ENTRY--PERSONAL NAME
Personal name by Howard Eves and Carroll V. Newson
942 00 - ADDED ENTRY ELEMENTS (KOHA)
Koha issues (borrowed), all copies 1
Holdings
Withdrawn status Lost status Source of classification or shelving scheme Damaged status Not for loan Collection code Home library Current library Shelving location Date acquired Total Checkouts Full call number Barcode Date last seen Date checked out Copy number Price effective from Koha item type
    Library of Congress Classification     Main Collection ARRUPE LIBRARY ARRUPE LIBRARY   04/03/2013 1 QA9.E9 46003070330 02/07/2019 10/09/2013 1 04/03/2013 Monograph ( Printed materials)

 

Arrupe Library. PO Box MP320 Mt Pleasant, Harare, Zimbabwe
263 242 745411|librarian@aju.ac.zw